Управленческий учет: учебник для вузов

Détails bibliographiques
Autres auteurs: Шеремет А. Д. (редактор)
Résumé:Исключено из фонда НТБ ТПУ
Langue:russe
Publié: Москва, ФБК-Пресс, 2005
Édition:3-е изд., перераб. и доп.
Collection:Учебник
Format: MixedMaterials Livre
KOHA link:https://koha.lib.tpu.ru/cgi-bin/koha/opac-detail.pl?biblionumber=111390

MARC

LEADER 00000nam0a2200000 4500
001 111390
005 20231031120829.0
010 |a 5881031547 
035 |a (RuTPU)RU\TPU\book\120294 
090 |a 111390 
100 |a 20070314d2005 m y0rusy50 ca 
101 0 |a rus 
102 |a RU 
105 |a y j 000zy 
200 1 |a Управленческий учет  |e учебник для вузов  |f под ред. А. Д. Шеремета 
205 |a 3-е изд., перераб. и доп. 
210 |a Москва  |c ФБК-Пресс  |d 2005 
215 |a 344 с. 
225 1 |a Учебник 
333 |a Исключено из фонда НТБ ТПУ 
702 1 |a Шеремет  |b А. Д.  |4 340 
801 1 |a RU  |b 63413507  |c 20070314  |g PSBO 
801 2 |a RU  |b 63413507  |c 20210224  |g PSBO 
942 |c BK 
959 |a 24/20070227  |d 2  |e 204,60  |f АНЛ:1  |f ЧЗГЛ:1